|
|
|
|
| LEADER |
00837nam a2200217 a 4500 |
| 001 |
4357696 |
| 008 |
100111s1988 bg a b 000 0 eng d |
| 010 |
|
|
|a \\\89902593
|
| 040 |
|
|
|a DLC
|c DLC
|d DLC
|d BD-DhAAL
|
| 082 |
0 |
0 |
|a 331.4/2595492
|2 19
|
| 100 |
1 |
|
|a Huq, Jahanara.
|
| 245 |
1 |
0 |
|a Women, development and technology /
|c Jahanara Huq, Mahmuda Islam.
|
| 260 |
|
|
|a Dhaka :
|b Women for Women,
|c 1988.
|
| 300 |
|
|
|a 50 p. :
|b ill. ;
|c 22 cm.
|
| 504 |
|
|
|a Bibliography: p. 49-50.
|
| 541 |
1 |
|
|e 00004832
|
| 650 |
|
0 |
|a Women
|x Employment
|x Effect of technological innovations on
|z Bangladesh.
|
| 700 |
0 |
|
|a Mahmuda Islam.
|
| 852 |
4 |
|
|a Ayesha Abed Library
|j General shelf
|
| 999 |
|
|
|c 6905
|d 6905
|
| 952 |
|
|
|0 0
|1 0
|2 ddc
|4 0
|6 331_425954920000000_HUQ_1998
|7 0
|9 7121
|a BRACUL
|b BRACUL
|c GEN
|d 2010-01-12
|g 30.00
|l 0
|o 331.42595492 HUQ
|p 3010004832
|r 2010-01-12
|t 1
|w 2010-01-12
|y BK
|